000
00254 a2200085 4500
020
_a
978-0029119402
100
_a
Erving Goffman
245
_a
Behavior in Public Places: Notes on the Social Organization of Gatherings
260
_b
Free Press; Reissue edition
999
_c
11505
_d
11505